Truyện ngụ ngôn Isop 3: Kết quả cuộc hành động

Sparad:
Bibliografiska uppgifter
Materialtyp: Bok
Taggar: Lägg till en tagg
Inga taggar, Lägg till första taggen!
Thư viện lưu trữ: Mạng thư viện Đại học Đà Nẵng
LEADER 00444nam a22001691a 4500
001 000037147
003 13442
005 20160412015145.0
008 160412s0 000
082 |a 4T(TK)16 
245 |a Truyện ngụ ngôn Isop 3: Kết quả cuộc hành động  |c Kheereebun 
OWN |a LNN 
999 |a From the UDN01 
TYP |a Monograph 
980 |a Mạng thư viện Đại học Đà Nẵng